| 000 | 00558nam a2200169Ia 4500 | ||
|---|---|---|---|
| 003 | GCL | ||
| 008 | 140319s9999 xx 000 0 ara d | ||
| 040 |
_aGCL / _cGCL |
||
| 082 | 0 | 4 |
_a953.09 _bا د |
| 100 | 1 | _aاسماعيل احمد ياغى | |
| 245 | 1 | 0 |
_aالدولة العثمانية فى التاريخ الاسلامى الحديث / _cاسماعيل احمد ياغى |
| 260 |
_aالرياض : _bمكتبة العبيكان ، _c1996 |
||
| 300 |
_a328 ص ؛ _c24 سم |
||
| 490 |
_a100 قصة _v0 |
||
| 650 | 0 | 4 | _aالتاريخ |
| 942 |
_2ddc _cBK |
||
| 999 |
_c43866 _d43866 |
||